Normal view
MARC view
- Sánchez Rojas, Isabel Adriana
Entry Nombre Personal
001 - NUMERO DE CONTROL
- campo de control: 45516
003 - IDENTIFICADOR DE NUMERO DE CONTROL
- campo de control: UPN
005 - FECHA Y HORA DE LA ÜLTIMA TRANSACCIÓN
- campo de control: 20220803095357.0
008 - DATOS DE LONGITUD FIJA
- campo de control de longitud fija: 220803|| acn||aabn | a|a d
024 7# - OTROS IDENTIFICADORES NORMALIZADOS
- Fuente: orcid
- Número normalizado o código: 0000-0002-5545-0127
040 ## - FUENTE DE CATALOGACIÓN
- Agencia original de catalogación: MX-MxUPN
100 ## - ENCABEZAMIENTO - NOMBRE PERSONAL
- Nombre personal: Sánchez Rojas, Isabel Adriana
370 ## - LUGAR ASOCIADO
- Associated country: Colombia
371 ## - DIRECCIÓN
- Electronic mail address: isabel.sanchez@usantotomas.edu.co.
372 ## - CAMPO DE ACTIVIDAD
- Field of activity: Fisioterapia
- Field of activity: Educación física
- Field of activity: Deporte
373 ## - GRUPO ASOCIADO
- Associated group: Universidad de Santo Tomas.
- Associated group: Universidad Manuela Beltrán.
374 ## - OCUPACIÓN
- Occupation: Fisioterapeuta
- Occupation: Profesora - Investigadora universitaria
670 ## - FUENTE EN LA QUE SE LOCALIZARON DATOS
- Cita de la fuente: En recurso en línea : Lúdica pedagógica, No. 27 (2018)
- Información localizada: Página 15 (Isabel Adriana Sánchez Rojas)
- Uniform Resource Identifier: https://revistas.pedagogica.edu.co/index.php/LP/article/view/9439/7072
902 ## - CATALOGADOR
- Catalogador: BLSM / 030822
